[Event "TORO 2016 (B)"]
[Site "Gatineau"]
[Date "2016.06.03"]
[Round "1"]
[White "Scantland, Patrick"]
[Black "Van Dusen, Eric"]
[Result "1-0"]
[BlackElo "1675"]
[EventDate "2016.06.03"]
[WhiteElo "1831"]

1.d4 Nf6 2.Nf3 g6 3.c4 Bg7 4.Nc3 d5 5.Bf4 c5 6.e3 cxd4 7.Nxd4 O-O 8.Be2 Nbd7
9.Bg3 Nb6 10.cxd5 Nbxd5 11.Nxd5 Nxd5 12.O-O a6 13.Qd2 Qb6 14.Rfd1 Rd8 15.Rac1
Bd7 16.e4 Qxd4 17.Qxd4 Bxd4 18.Rxd4 Nf6 19.Rcd1 e6 20.Bh4 1-0

[Event "TORO 2016 (B)"]
[Site "Gatineau"]
[Date "2016.06.03"]
[Round "1"]
[White "Ju, Lawrence"]
[Black "Lavergne, Daniel"]
[Result "0-1"]
[BlackElo "1823"]
[EventDate "2016.06.03"]
[WhiteElo "1672"]

1.d4 Nf6 2.c4 e6 3.Nc3 Bb4 4.Qc2 c5 5.a3 Bxc3+ 6.bxc3 Nc6 7.Nf3 Qc7 8.e4 d6
9.Be3 b6 10.Rd1 O-O 11.d5 exd5 12.cxd5 Ne7 13.e5 Nexd5 14.exd6 Qxd6 15.c4
Nxe3 16.fxe3 Qe6 17.Kf2 h6 18.g3 Bb7 19.Bg2 Be4 20.Qe2 Rad8 21.Rd2 Rxd2
22.Nxd2 Bxg2 23.Kxg2 Rd8 24.Nb1 Qe4+ 25.Qf3 Qxc4 26.Qb7 Qe2+ 27.Kh3 Qxe3
28.Qxa7 Qe6+ 29.g4 Rd3+ 30.Kg2 Qe4+ 31.Kg1 Rd1+ 32.Kf2 Rxh1 0-1

[Event "TORO 2016 (B)"]
[Site "Gatineau"]
[Date "2016.06.03"]
[Round "1"]
[White "Poirier, Alexis"]
[Black "Jobin, Gilles G."]
[Result "1/2-1/2"]
[BlackElo "1759"]
[EventDate "2016.06.03"]
[WhiteElo "1599"]

1.e4 d6 2.d4 Nf6 3.Nc3 e5 4.Be3 Nbd7 5.Bc4 Be7 6.Nf3 O-O 7.Qe2 c6 8.a4 Qc7
9.O-O h6 10.Nh4 Nb6 11.a5 Nxc4 12.Qxc4 Kh7 ( 12...Nxe4 13.Ng6 Be6 14.Nxe7+
Qxe7 15.Qd3 Nf6 ) 13.d5 c5 14.b4 Ng4 15.Nb5 Nxe3 16.fxe3 Qd8 17.Nf5 a6 18.Nc3
Bg5 ( 18...cxb4 19.Qxb4 Bg5 20.h4 Bxf5 21.hxg5 Bg6 22.gxh6 gxh6 ) 19.Rf3 g6
20.Nxd6 Qxd6 21.bxc5 Qd8 22.d6 Be6 23.Nd5 Rc8 24.Qc3 Qxd6 $4 ( 24...Bxd5 $19
25.exd5 Qxd6 ) 25.cxd6 Rxc3 26.Nxc3 Rc8 27.Nd5 Rxc2 28.Rd1 Bd8 29.Nf6+ Kg7
30.Ne8+ Kf8 31.d7 Bg4 32.Rd5 Bxf3 33.gxf3 Ke7 34.Nd6 Rc7 35.Nc8+ Kf8 36.Nb6
f6 37.Nc8 Kf7 38.h4 Ke6 39.Rd6+ Kf7 40.Rd5 Ke6 1/2-1/2

[Event "TORO 2016 (B)"]
[Site "Gatineau"]
[Date "2016.06.03"]
[Round "1"]
[White "Balazadeh, Kamal"]
[Black "Jr Guipi Bopala Prince Eric"]
[Result "0-1"]
[BlackElo "1663"]
[EventDate "2016.06.03"]
[WhiteElo "1822"]

1.e4 e5 2.f4 exf4 3.Nf3 g5 4.h4 Be7 5.Bc4 d6 6.hxg5 Bxg5 7.d4 Bg4 8.O-O f6
9.c3 h5 10.Qb3 Ne7 11.e5 Bxf3 12.Bf7+ Kf8 13.exd6 Bxg2 14.dxe7+ Qxe7 15.Kxg2
Qe2+ 16.Kg1 f3 17.Rxf3 Qxf3 18.Bxg5 fxg5 19.Bd5 Qg3+ 20.Kf1 Kg7 21.Qxb7 Rf8+
22.Ke2 Rf2+ 0-1

[Event "TORO 2016 (B)"]
[Site "Gatineau"]
[Date "2016.06.03"]
[Round "1"]
[White "Girard, Sylvain"]
[Black "Piché, Guy"]
[Result "1-0"]
[BlackElo "1872"]
[EventDate "2016.06.03"]
[WhiteElo "1684"]

1.e4 d6 2.d4 Nf6 3.Nc3 Nbd7 4.f4 e5 5.Nf3 exd4 6.Qxd4 c5 7.Qd1 a6 8.a4 Qc7
9.Be2 Be7 10.O-O O-O 11.Nd2 Nb8 12.Nc4 Nc6 13.Ne3 Nd4 14.Bd3 Be6 15.Ncd5 Qd8
16.Kh1 Rc8 17.b3 Nxd5 18.exd5 Bd7 19.c3 Bf6 20.cxd4 Bxd4 21.Ra2 f5 22.Nc4 Rf6
23.Bb2 Rh6 24.Bxd4 cxd4 25.Qe1 b5 26.axb5 axb5 27.Nd2 Rc3 28.Rf3 Kf7 29.Rc2
Qc7 30.Rxc3 dxc3 31.Nf1 b4 32.Ne3 Rf6 33.Nc2 Qc5 34.Qe3 Qa5 35.h3 Kf8 36.Qd4
Rf7 37.Nxb4 Qa1+ 38.Rf1 Qb2 39.Bc2 Re7 40.Rb1 Qa3 41.Qxc3 Qa7 42.Nc6 Bxc6
43.dxc6 Re3 44.Qc4 Qa8 45.Kh2 Qc8 46.b4 Qc7 47.Qd5 g6 48.b5 Qb6 49.Qxd6+ Kg7
50.Qd7+ Kh6 51.c7 Re2 52.c8=Q Qf2 53.Qf8+ 1-0

[Event "TORO 2016 (B)"]
[Site "Gatineau"]
[Date "2016.06.03"]
[Round "1"]
[White "Lecorre, joël"]
[Black "Tsanaclis, Albert"]
[Result "1-0"]
[BlackElo "1598"]
[EventDate "2016.06.03"]
[WhiteElo "1738"]

1.e4 c5 2.Nc3 Nc6 3.g3 g6 4.Bg2 Bg7 5.d3 Nf6 6.Nge2 d6 7.a4 O-O 8.O-O Rb8
9.h3 a6 10.Be3 Bd7 11.Qd2 Nb4 12.Nd1 e5 13.c3 Nc6 14.b4 cxb4 15.cxb4 b5 16.a5
Be6 17.Rb1 Qd7 18.Kh2 Rfe8 19.Ndc3 d5 20.exd5 Nxd5 21.Ne4 Nxe3 22.fxe3 Bf5
23.Nc5 Qc8 24.Rfc1 Ne7 25.Nc3 Be6 26.N3e4 Rd8 27.Ng5 Bd7 28.Nce6 Bc6 29.Nxd8
Qxd8 30.Bxc6 Nxc6 31.Rxc6 Qxg5 32.Rbc1 e4 33.Rc8+ Rxc8 34.Rxc8+ Bf8 35.dxe4
Qe7 36.Qd4 Qe6 37.Qc5 Qa2+ 38.Kg1 Qb1+ 39.Kf2 Qb2+ 40.Ke1 Qb1+ 41.Kd2 Qb2+
42.Kd3 Qb3+ 43.Qc3 Qd1+ 44.Qd2 Qb1+ 45.Kd4 Qf1 46.Qc2 Kg7 47.Ra8 Bxb4 48.Rxa6
Qxh3 49.Qc6 Be7 50.Qxb5 Bf6+ 51.Kd5 Qxg3 52.Rxf6 Kxf6 53.Qb6+ Kg7 54.a6 Qg5+
55.e5 f6 56.Qxf6+ Qxf6 57.exf6+ Kxf6 58.a7 h5 59.a8=Q Kg5 60.Qd8+ Kg4 61.Qd6
h4 62.Qxg6+ Kh3 63.e4 Kh2 64.e5 h3 65.Qe4 1-0

[Event "TORO 2016 (B)"]
[Site "Gatineau"]
[Date "2016.06.03"]
[Round "1"]
[White "Villeneuve, Luc"]
[Black "Xu, Daniel"]
[Result "0-1"]
[BlackElo "1646"]
[EventDate "2016.06.03"]
[WhiteElo "1765"]

1.Nf3 Nf6 2.d3 d5 3.Bg5 e6 4.Nbd2 h6 5.Bh4 Nc6 6.c3 Be7 7.e3 e5 8.Be2 Be6
9.Bg3 Bd6 10.b4 a6 11.a4 b5 12.axb5 axb5 13.O-O O-O 14.Qc2 Qd7 15.d4 e4
16.Ne5 Bxe5 17.dxe5 Nh7 18.Bxb5 Rab8 19.Ba4 Rb6 20.Nb3 Qe7 21.Bxc6 Rxc6
22.Nd4 Rc4 23.b5 Qc5 24.Rfc1 Bd7 25.Ra5 Rb8 26.e6 fxe6 27.h3 Nf8 28.Qb2 Ng6
29.Ra6 Nf8 30.Qa1 Qe7 31.Ra7 e5 32.Nb3 Rxb5 33.Na5 Rcc5 34.Qa3 Qf6 35.Nb7 Rc6
36.Na5 Rcc5 37.Ra8 Qb6 38.Ra1 Qf6 39.Nb3 Rxc3 40.Bxe5 Qxe5 41.Qxf8+ Kh7
42.Qg8+ Kg6 43.R8a6+ c6 44.Nd4 Rbc5 45.g3 Rc1+ 46.Rxc1 Rxc1+ 47.Kh2 Qh5 48.h4
Qg4 49.Ne6 Bxe6 50.Qe8+ Kh7 0-1

[Event "TORO 2016 (B)"]
[Site "Gatineau"]
[Date "2016.06.03"]
[Round "1"]
[White "Fei, David"]
[Black "Laflèche, Alain"]
[Result "1-0"]
[BlackElo "1719"]
[EventDate "2016.06.03"]
[WhiteElo "1888"]

1.e4 e5 2.Nf3 Nc6 3.d4 exd4 4.Nxd4 Bc5 5.Be3 Qf6 6.c3 Nge7 7.Bc4 Ne5 8.Be2
O-O 9.O-O Qg6 10.Nb5 Bxe3 11.Nxc7 Rb8 12.fxe3 Qxe4 13.Qd4 Qxd4 14.exd4 N5g6
15.Nb5 Nd5 16.N1a3 Ndf4 17.Bf3 a6 18.Nd6 b5 19.g3 Ne6 20.d5 Nc7 21.Rfe1 Rb6
22.Nf5 Rf6 23.g4 d6 24.Be4 h6 25.Nc2 Re8 26.Ncd4 Bb7 27.h4 Nf4 28.Kh2 g5
29.Bc2 Bxd5 30.Rxe8+ Nxe8 31.Re1 Ne6 32.Ne7+ Kf8 33.Nxd5 Rf2+ 34.Kg3 Rd2
35.Re2 gxh4+ 36.Kf2 Rxe2+ 37.Nxe2 N8c7 38.Nxc7 Nxc7 39.Kg2 a5 40.Kh3 b4
41.Kxh4 bxc3 42.Nxc3 d5 43.Ne2 Ne6 44.Ng3 Nd4 45.Bd1 Nc6 46.Bf3 Nb4 47.a3 Nd3
48.b3 d4 49.Nf5 Nc1 50.Nxd4 Kg7 51.Bd5 Nd3 52.Nf5+ Kg6 53.Be4 Nc5 54.Bc2 Nd7
55.Nd6+ Kg7 56.Nc4 Kf6 57.Kh5 Kg7 58.Nxa5 Nf6+ 59.Kh4 Nd5 60.Nc4 Kf6 61.Kh5
Kg7 62.b4 Nf4+ 63.Kh4 Kf6 64.b5 Ke6 1-0

[Event "TORO 2016 (B)"]
[Site "Gatineau"]
[Date "2016.06.03"]
[Round "1"]
[White "Labrecque, Réjean"]
[Black "Mcleod, Jack"]
[Result "0-1"]
[BlackElo "1655"]
[EventDate "2016.06.03"]
[WhiteElo "1788"]

1.d4 Nf6 2.c4 e6 3.Bg5 Be7 4.Nf3 d5 5.e3 O-O 6.Nc3 c6 7.Bd3 Nbd7 8.O-O Re8
9.h3 Nf8 10.Rc1 Ng6 11.Ne5 Nxe5 12.dxe5 Nd7 13.Bxe7 Qxe7 14.f4 a6 15.Qh5 g6
16.Qf3 b5 17.cxd5 cxd5 18.Ne2 Nc5 19.Bb1 Bb7 20.Nd4 Rac8 21.g4 Ne4 22.Bxe4
dxe4 23.Qf2 Qd7 24.Qd2 Rxc1 25.Rxc1 Rc8 26.b4 Bd5 27.Rc5 Bb7 28.Qc2 Kg7 29.a3
Qd8 30.g5 Qd7 31.h4 Qd8 32.Kf2 Ra8 33.Qc3 Bd5 34.Nc6 Qd7 35.Na5 h6 36.Rc7 Qd8
37.Qc5 Ba2 38.Qd6 hxg5 39.Qxd8 Rxd8 40.hxg5 Rd2+ 41.Ke1 Rd3 42.Kf2 Bd5 43.Ra7
Rxa3 44.Rxa6 Ra4 45.Rb6 Rxb4 46.Nb7 Rb2+ 47.Kg3 b4 48.Nd6 b3 49.Ne8+ Kf8
50.Nd6 $4 ( 50.Nf6 $1 $18 Ke7 51.Rd6 ) 50...Re2 $19 51.Rb8+ Ke7 52.Rb4 b2
53.Nb5 Rxe3+ 54.Kf2 Rb3 55.Rxb3 Bxb3 56.Nc3 Bc2 0-1

[Event "TORO 2016 (B)"]
[Site "Gatineau"]
[Date "2016.06.03"]
[Round "1"]
[White "Gan, David"]
[Black "Relyea, F. Alexander"]
[Result "1/2-1/2"]
[BlackElo "1800"]
[EventDate "2016.06.03"]
[WhiteElo "1661"]

1.e4 e6 2.d4 d5 3.exd5 exd5 4.c4 Nf6 5.Nc3 Be6 6.Nf3 dxc4 7.Qa4+ Nc6 8.Bxc4
Qd7 9.O-O O-O-O 10.Bxe6 Qxe6 11.a3 Bd6 12.Re1 Qd7 13.d5 Nxd5 14.Nxd5 Bxh2+
15.Nxh2 Qxd5 16.Bf4 Rhe8 17.Nf3 Qd3 18.Rxe8 Rxe8 19.Rd1 Qg6 20.Nd4 Re4
21.Nxc6 Qxc6 22.Qxc6 bxc6 23.Be3 a6 24.Rd4 Re5 25.Rh4 h5 26.Kf1 g6 27.Rf4 f5
28.Rf3 Re4 29.Rg3 f4 30.Bxf4 Rxf4 31.Rxg6 Rc4 32.Rh6 Rc1+ 33.Ke2 Rc2+ 34.Ke1
Rxb2 35.Rxc6 Kb7 36.Rc5 Rb1+ 37.Kd2 Rb2+ 38.Rc2 Rb3 39.Rc3 Rb2+ 40.Ke3 Rb1
41.g3 Kb6 42.f4 c5 43.f5 Kc6 44.Kf4 Kd5 45.f6 Ke6 46.Rxc5 Kxf6 47.Rxh5 Rf1+
48.Kg4 Kg6 49.Ra5 Rf6 50.Rg5+ Kh6 51.Rf5 Re6 52.a4 Kg6 53.Rf4 Kh6 54.Rb4 Kg7
55.Kf5 Rf6+ 56.Ke5 Rg6 57.g4 a5 58.Rc4 Kf7 59.Kd5 Ke7 60.Kc5 Kd7 61.Kb5 Rg5+
62.Kb6 Kd8 63.Kc6 Ke7 64.Rc5 Rxg4 65.Rxa5 Rc4+ 66.Kb5 Rc1 67.Ra7+ Kd6 68.Ka6
1/2-1/2

[Event "TORO 2016 (B)"]
[Site "Gatineau"]
[Date "2016.06.03"]
[Round "1"]
[White "Bernatchez, Lucas"]
[Black "Kearnan, Daniel"]
[Result "1/2-1/2"]
[BlackElo "1780"]
[EventDate "2016.06.03"]
[WhiteElo "1646"]

1.c4 b6 2.Nf3 Nf6 3.Nc3 e6 4.e4 Bb4 5.e5 Bxc3 6.bxc3 Ng8 7.d4 Ne7 8.Bd3 Bb7
9.O-O d6 10.Re1 Nd7 11.a4 dxe5 12.Nxe5 Nxe5 13.Rxe5 Ng6 14.Rg5 h6 15.Rg3 Qf6
16.a5 O-O 17.Qg4 Ne7 18.Bxh6 Qxh6 19.Rh3 f5 20.Rxh6 fxg4 21.Rxe6 Nf5 22.Re5
Nh4 23.d5 Rf6 24.a6 Bc8 25.Re8+ Kf7 26.Rae1 Ng6 27.Bxg6+ Kxg6 28.R1e7 Rf7
29.Re3 Rf4 30.R3e7 Rxc4 31.Rg8 Kf6 32.Rgxg7 Bf5 33.Rgf7+ Kg5 34.Rg7+ Bg6
35.Re6 Rxc3 36.Rgxg6+ Kf5 37.g3 Rf8 38.Rh6 Rg8 39.Rh5+ Rg5 40.Rhh6 Rg7
41.Rh5+ 1/2-1/2

[Event "TORO 2016 (B)"]
[Site "Gatineau"]
[Date "2016.06.04"]
[Round "2"]
[White "Gilles G. Jobin"]
[Black "Montreuil, Carl"]
[Result "1-0"]
[BlackElo "1593"]
[EventDate "2016.06.04"]
[WhiteElo "1759"]

1.e4 c5 2.c3 Nc6 3.d4 cxd4 4.cxd4 d6 5.Nc3 ( 5.d5 Ne5 6.Nc3 ) ( 5.Nf3 Bg4 $2
6.d5 Ne5 ( 6...Nb8 7.Qb3 Bxf3 8.gxf3 Nd7 9.Qxb7 Rb8 10.Qxa7 ) 7.Nxe5 ) 5...e6
6.Nf3 a6 7.Be2 Bd7 8.O-O Rc8 9.Be3 Na7 10.Re1 Ne7 11.d5 Ra8 ( 11...Nb5 12.Na4
) 12.dxe6 Bxe6 13.Nd5 Nec8 ( 13...Nac8 14.Rc1 Bxd5 15.exd5 g6 16.Qb3 b5
17.Bd4 Rg8 18.Ng5 Bh6 19.Nxh7 Bxc1 20.Bxb5+ axb5 21.Qxb5+ Qd7 22.Nf6+ Kf8
23.Nxd7+ Ke8 ) 14.Rc1 Nc6 15.Ng5 Be7 16.Nxe6 fxe6 17.Nf4 O-O ( 17...Qd7
18.Bc4 Nd8 19.Qh5+ g6 20.Nxg6 ) 18.Nxe6 Qe8 19.Nxf8 Qxf8 20.Qb3+ Kh8 21.Qxb7
N8a7 22.Rxc6 Nxc6 23.Qxc6 Bf6 24.b3 Rc8 25.Qxa6 h6 26.h3 Ra8 27.Qb7 Rxa2
28.Qd5 Bc3 29.Rc1 Bb4 30.Bc4 ( 30.Bxh6 $1 gxh6 31.Qd4+ Kg8 32.Qxb4 ) 30...Bc5
31.Qf7 Qxf7 32.Bxf7 Bxe3 33.fxe3 Kh7 34.Rc6 g5 35.Rxd6 Kg7 36.Bc4 h5 37.g4 h4
38.Rd1 Kf6 39.Bd5 Rb2 40.Rf1+ Ke7 41.Rf2 Rb1+ 42.Rf1 Rb2 43.e5 Rd2 44.Bc4 Rb2
45.Rf7+ Ke8 46.Rf5 Rb1+ 47.Rf1 Rb2 48.e6 Kd8 49.Rf8+ Ke7 50.Rf7+ Kd8 51.e7+
Ke8 52.Rh7 Rb1+ 53.Kf2 Rb2+ 54.Kf3 Rh2 55.Bb5# 1-0

[Event "TORO 2016 (B)"]
[Site "Gatineau"]
[Date "2016.06.04"]
[Round "2"]
[White "Orozco, Joey"]
[Black "Fei, David"]
[Result "1-0"]
[BlackElo "1888"]
[EventDate "2016.06.04"]
[WhiteElo "1721"]

1.c4 e5 2.Nc3 Nc6 3.a3 Nf6 4.Nf3 d6 5.d3 h6 6.g3 Be7 7.Bg2 O-O 8.O-O Be6 9.b4
e4 10.Nd2 exd3 11.exd3 d5 12.Bb2 dxc4 13.Nxc4 a6 14.Bxc6 bxc6 15.Ne5 Qd6
16.Ne4 Qd5 17.Qc2 c5 18.bxc5 Rab8 19.Rac1 Qb7 20.Ba1 Bf5 21.f3 Nd5 22.Bd4 f6
23.Rb1 Qa8 24.Nc4 Rfd8 25.Ne3 Be6 26.Rxb8 Qxb8 27.Nxd5 Rxd5 28.Be3 Qd8 29.d4
f5 30.Nf2 Bf6 31.Qe2 Bc8 32.Rd1 Kh7 33.Qc4 c6 34.Rd2 f4 35.gxf4 Qe8 36.Ne4
Bh3 37.Kf2 Bh4+ 38.Ng3 Bc8 39.Qd3+ g6 40.Kg1 Qd7 41.Bf2 Qf7 42.Qe3 g5 43.Qe4+
Kg8 44.fxg5 Bxg5 45.Re2 Bd7 46.Be3 Bf6 47.Rd2 h5 48.Qf4 Bh3 49.Ne4 Qg7+
50.Qg3 Bh4 51.Qxg7+ Kxg7 52.Bf2 Bd8 53.Rb2 Rd7 54.Nd6 Kf8 55.Re2 Bf6 56.Re4
Rg7+ 57.Bg3 Bd7 58.Kf2 Re7 59.Rxe7 Kxe7 60.Ke3 Ke6 61.Nc4 Be8 62.Bf4 Bg6
63.Nb6 Bd8 64.Nc4 Bb1 65.Ne5 Kd5 66.Nd3 a5 67.Bd6 h4 68.f4 Kc4 69.Ne5+ Kd5
70.Nf3 Bf5 71.Nd2 a4 72.Nf3 h3 73.Ne5 Ba5 74.Nd3 Bc3 75.Be5 Kc4 76.Nb4 Bb2
77.Nxc6 Bxa3 78.Ne7 Bc1+ 79.Kf3 a3 80.Nxf5 Bb2 81.c6 a2 82.c7 a1=Q 83.c8=Q+
Kd3 84.Qc5 Qh1+ 85.Kg3 Qg2+ 86.Kh4 Bc3 87.Qb5+ Ke4 88.Ng3+ Ke3 89.Qe2+ Qxe2
90.Nxe2 Kxe2 91.Kxh3 Kf3 92.f5 Ke4 93.f6 Bb4 94.Kg4 Kd5 95.Kf5 Bf8 96.Kg6 Ke6
97.h4 1-0

[Event "TORO 2016 (B)"]
[Site "Gatineau"]
[Date "2016.06.04"]
[Round "2"]
[White "Mcleod, Jack"]
[Black "Scantland, Patrick"]
[Result "1/2-1/2"]
[BlackElo "1831"]
[EventDate "2016.06.04"]
[WhiteElo "1655"]

1.d4 Nf6 2.c4 e6 3.Nc3 d5 4.Bg5 Be7 5.e3 O-O 6.cxd5 exd5 7.Bd3 c6 8.Nge2 Nbd7
9.O-O Re8 10.Qc2 h6 11.Bh4 Nf8 12.f3 Be6 13.Rfd1 Rc8 14.Bf2 a6 15.Qb1 c5
16.dxc5 Bxc5 17.b4 Ba7 18.a4 Bd7 19.e4 Bxf2+ 20.Kxf2 dxe4 21.Nxe4 Qb6+ 22.Kf1
Nxe4 23.Bxe4 Bc6 24.a5 Bxe4 25.axb6 Bxb1 26.Rdxb1 Rc6 27.b5 Rxb6 28.bxa6
Rxb1+ 29.Rxb1 bxa6 30.Ra1 Ra8 31.Nd4 Ne6 32.Nxe6 fxe6 33.Ke2 a5 34.Ra4 Kf7
35.Ke3 e5 36.f4 exf4+ 37.Kxf4 Ra6 38.h4 Kf6 39.h5 g5+ 40.hxg6 Kxg6 41.Kg4 Kf6
42.Kf4 Ke6 43.Ke4 Kd6 44.Kd4 Kc6 45.Kc4 Kb6 46.Ra1 Ra8 47.Rh1 Rc8+ 48.Kb3 Rc6
49.Rh5 Ka6 50.Ka4 Rc4+ 51.Kb3 Rb4+ 52.Ka3 1/2-1/2

[Event "TORO 2016 (B)"]
[Site "Gatineau"]
[Date "2016.06.04"]
[Round "2"]
[White "Lavergne, Daniel"]
[Black "Girard, Sylvain"]
[Result "1-0"]
[BlackElo "1684"]
[EventDate "2016.06.04"]
[WhiteElo "1823"]

1.e4 c5 2.Nf3 d6 3.d4 cxd4 4.Nxd4 Nf6 5.Nc3 a6 6.Be3 e5 7.Nf3 Be7 8.Bc4 h6
9.Qe2 Bg4 10.O-O-O Nbd7 11.h3 Be6 12.Bxe6 fxe6 13.Nh4 Nf8 14.g4 g5 15.Nf3 Qc7
16.h4 Nxg4 17.Nxg5 Nxe3 18.Qh5+ Kd7 19.fxe3 Qc8 20.Nf7 Qe8 21.Nxe5+ Kc7
22.Qxe8 Rxe8 23.Nf3 Nd7 24.Rhg1 Rhg8 25.h5 Rxg1 26.Rxg1 Rf8 27.Nd4 Rf6 28.Rg6
Nf8 29.Rxf6 Bxf6 30.Nxe6+ Nxe6 31.Nd5+ Kd8 32.Nxf6 Ng7 33.Ng4 Nxh5 34.Nxh6
Ng3 35.Kd2 Nxe4+ 36.Kd3 Nf6 37.Kd4 Kd7 38.Nf5 Ke6 39.e4 Ne8 40.c4 a5 41.c5 d5
42.Ne3 dxe4 43.Kxe4 Nc7 44.Kd4 Na6 45.Kc4 Nc7 46.Nc2 Kd7 47.Nd4 Na6 48.Kb5
Kc7 49.a3 a4 50.Ne6+ Kb8 51.Kxa4 Kc8 52.b4 Nb8 53.b5 Nd7 54.Kb4 Ne5 55.a4
Nd3+ 56.Kc3 Ne5 57.a5 Kb8 58.Kd4 Nd7 59.c6 1-0

[Event "TORO 2016 (B)"]
[Site "Gatineau"]
[Date "2016.06.04"]
[Round "2"]
[White "Relyea, F Alexander"]
[Black "Séguin, Hubert"]
[Result "1-0"]
[BlackElo "1646"]
[EventDate "2016.06.04"]
[WhiteElo "1800"]

1.e4 c5 2.Nf3 Nc6 3.Bb5 a6 4.Bxc6 bxc6 5.O-O d5 6.d3 Bg4 7.h3 Bh5 8.g4 Bg6
9.Nc3 e6 10.Re1 Nf6 11.Bf4 Be7 12.Bg3 Nd7 13.Qd2 O-O 14.h4 f6 15.exd5 exd5
16.Qe2 Ne5 17.Nxe5 fxe5 18.Qxe5 Bxh4 19.Qe6+ Kh8 20.Qxc6 Qg5 21.Qxd5 Qxg4
22.Qg2 Bg5 23.Bd6 Qxg2+ 24.Kxg2 Rf5 25.Re5 Rxe5 26.Bxe5 Rf8 27.Bd6 Rf5 28.Re1
Bf6 29.Na4 Bd4 30.f4 Bf7 31.a3 g5 32.Be5+ Kg8 33.Bxd4 Bd5+ 34.Kh3 cxd4 35.Re5
Rxe5 36.fxe5 Be6+ 37.Kg3 h5 38.Nc5 h4+ 39.Kh2 Bc8 40.Nb3 g4 41.Nxd4 Bb7
42.Nf5 g3+ 43.Kg1 1-0

[Event "TORO 2016 (B)"]
[Site "Gatineau"]
[Date "2016.06.04"]
[Round "2"]
[White "Kearnan, Daniel"]
[Black "Poirier, Alexis"]
[Result "1-0"]
[BlackElo "1599"]
[EventDate "2016.06.04"]
[WhiteElo "1780"]

1.c4 Nf6 2.g3 d5 3.cxd5 Qxd5 4.Nf3 Bf5 5.Nc3 Qa5 6.Bg2 c6 7.d3 e6 8.a3 Bd6
9.Bd2 Qc7 10.Rc1 a6 11.Nd4 Nbd7 12.b4 O-O 13.b5 Qb6 14.Nxf5 exf5 15.bxc6 bxc6
16.Na4 Qa7 17.Rxc6 Bxa3 18.Qb3 Bc5 19.Nxc5 Nxc5 20.Qa3 Rac8 21.Rxc8 Rxc8
22.Be3 Qb6 23.O-O Rc7 24.Rc1 Nfd7 25.Bf4 Ra7 26.d4 Ne6 27.Rc8+ Nef8 28.Bc6
Qxd4 29.Bxd7 Qd1+ 30.Kg2 Qd5+ 31.f3 1-0

[Event "TORO 2016 (B)"]
[Site "Gatineau"]
[Date "2016.06.04"]
[Round "2"]
[White "Xu, Daniel"]
[Black "Laszlo, Robert"]
[Result "1/2-1/2"]
[BlackElo "1860"]
[EventDate "2016.06.04"]
[WhiteElo "1646"]

1.d4 c6 2.c4 d5 3.Nc3 Nf6 4.Nf3 a6 5.e3 Bf5 6.c5 Nbd7 7.Bd3 Bxd3 8.Qxd3 Qc7
9.b4 e5 10.dxe5 Nxe5 11.Nxe5 Qxe5 12.Bb2 Qg5 13.O-O Be7 14.e4 Qg6 15.Rae1 O-O
16.Qe3 Ng4 17.Qf3 Ne5 18.Qe3 Nc4 19.Qe2 Bf6 20.exd5 Nxb2 21.Qxb2 Qd3 22.Re3
Bxc3 23.Qxc3 Qxd5 24.a4 Rfe8 25.Rxe8+ Rxe8 26.Re1 Rxe1+ 27.Qxe1 Kf8 28.h3 a5
29.Kh2 Qd4 30.bxa5 Qxc5 31.Qd2 Qe5+ 32.f4 Qc7 33.g3 c5 34.Qc3 Qe7 35.h4 Qe2+
36.Kh1 Qe7 37.Kh2 Qc7 38.Kh3 c4 39.Qb4+ Ke8 40.Qe1+ Kd8 41.Qb4 Ke8 42.Qe1+
Qe7 43.Qc3 Qe6+ 44.Kh2 f6 45.Kg1 Qd5 46.Kh2 Qd3 47.Qe1+ Kd7 48.Qb4 Qd5 49.Qc3
Kc7 50.Qe1 Kb8 51.Qe8+ Ka7 52.Qe3+ Kb8 53.Qe8+ Kc7 54.Qe7+ Qd7 55.Qc5+ Qc6
56.Qe7+ Kb8 57.Qd8+ Ka7 58.Qd4+ Ka6 59.Qd8 Ka7 60.Qd4+ Kb8 61.Qd8+ Qc8
62.Qd6+ 1/2-1/2

[Event "TORO 2016 (B)"]
[Site "Gatineau"]
[Date "2016.06.04"]
[Round "2"]
[White "Forgues, Éric"]
[Black "Langer, Herb"]
[Result "1/2-1/2"]
[BlackElo "1713"]
[EventDate "2016.06.04"]
[WhiteElo "1540"]

1.e4 e6 2.d4 d5 3.exd5 exd5 4.h3 Nf6 5.Nf3 Bd6 6.Bd3 Be6 7.Ng5 O-O 8.Nxe6
fxe6 9.O-O Nbd7 10.c3 c6 11.Be3 e5 12.dxe5 Nxe5 13.Be2 b6 14.Nd2 Qe7 15.Nf3
Rad8 16.Nd4 Ne4 17.f4 Ng3 18.Rf2 Nc4 19.Bxc4 Qxe3 20.Qd3 Qxd3 21.Bxd3 Rc8
22.f5 c5 23.Ne6 Rf6 24.Nf4 Bxf4 25.Rxf4 Rcf8 26.Re1 Nxf5 27.Re5 g6 28.Rxd5
Ne3 29.Rxf6 Nxd5 30.Rxf8+ Kxf8 1/2-1/2

[Event "TORO 2016 (B)"]
[Site "Gatineau"]
[Date "2016.06.04"]
[Round "2"]
[White "Bigras, Jean"]
[Black "Brûlé, Daniel"]
[Result "1/2-1/2"]
[BlackElo "1544"]
[EventDate "2016.06.04"]
[WhiteElo "1732"]

1.e4 c5 2.Nf3 d6 3.d4 cxd4 4.Nxd4 Nf6 5.Nc3 a6 6.Be3 Nc6 7.f3 Nxd4 8.Qxd4 e5
9.Qd2 Be7 10.Bc4 O-O 11.Bb3 b5 12.g4 Bb7 13.O-O-O Qc7 14.Kb1 Nd7 15.Nd5 Bxd5
16.Bxd5 Rac8 17.Rc1 Nb6 18.Rhd1 Nc4 19.Bxc4 Qxc4 20.Qd3 Qa4 21.b3 Qa5 22.c4
bxc4 23.Rxc4 Rxc4 24.Qxc4 h6 25.Rc1 Bg5 26.Bxg5 hxg5 27.Qc7 Qd2 28.Qc2 Qf4
29.Qe2 a5 30.Rc6 Rd8 31.Kb2 d5 32.exd5 Qd4+ 33.Kb1 Qxd5 34.Qe4 Qb5 35.Qc4 Qd5
36.Qxd5 Rxd5 37.Kc2 Kf8 38.a3 Ke7 39.b4 axb4 40.axb4 g6 41.Ra6 Rd6 42.b5 Rd8
43.Ra7+ Ke6 44.Ra6+ Kd7 45.Ra7+ Ke6 46.Kc3 f5 47.h3 f4 48.Ra6+ Kf7 49.Ra3 Ke6
50.Kb4 e4 51.fxe4 Rd4+ 52.Kc5 Rxe4 53.b6 Kd7 54.Ra7+ Kc8 55.Ra8+ Kb7 56.Ra7+
Kb8 57.Rg7 Re6 58.Rg8+ Kb7 59.Rg7+ Kb8 60.Kb5 Rf6 61.Rg8+ Kb7 62.Rg7+ Kb8
63.Ka6 Rf8 64.Rb7+ Ka8 65.Rc7 f3 66.Ra7+ Kb8 67.Rb7+ 1/2-1/2

[Event "TORO 2016 (B)"]
[Site "Gatineau"]
[Date "2016.06.04"]
[Round "2"]
[White "Bolduc, Olivier"]
[Black "Bernatchez, Lucas"]
[Result "0-1"]
[BlackElo "1646"]
[EventDate "2016.06.04"]
[WhiteElo "1441"]

1.d4 Nf6 2.c4 g6 3.Nc3 d5 4.e3 Bg7 5.Nf3 O-O 6.cxd5 Nxd5 7.Bd2 a6 8.Be2 Nc6
9.O-O e5 10.dxe5 Nxe5 11.Nxd5 Qxd5 12.Qc2 c6 13.Nxe5 Qxe5 14.Bc3 Qg5 15.Bxg7
Bh3 16.Bf3 Kxg7 17.Kh1 Be6 18.b3 h5 19.Rad1 h4 20.h3 Qf6 21.Rd4 Bxh3 22.Rf4
Bf5 23.e4 Qe5 24.Rxf5 gxf5 25.exf5 Rh8 26.Bg4 Rh6 27.Qd2 Rah8 28.Re1 Qf6
29.Bh3 Rd8 30.Qe2 Qd4 31.Qe3 Qxe3 32.fxe3 Rd2 33.e4 f6 34.a4 Rh8 35.Bg4 Rhd8
36.Be2 Rb2 37.Kh2 Rxb3 38.Bf3 Re8 39.Kh3 Ra3 40.Kxh4 Rxa4 41.g4 Ra3 42.Rf1
Rh8+ 43.Kg3 a5 44.Kf4 Rh3 45.Bd1 Ra1 46.g5 Rh4+ 47.Kg3 Rxe4 48.g6 Rd4 49.Rh1
Raxd1 50.Rh7+ Kg8 51.Rxb7 R1d3+ 52.Kf2 c5 53.Rb8+ Kg7 54.Rb7+ Rd7 55.Rb5 R3d5
0-1

[Event "TORO 2016 (B)"]
[Site "Gatineau"]
[Date "2016.06.04"]
[Round "2"]
[White "Piché, Guy"]
[Black "Ju, Lawrence"]
[Result "0-1"]
[BlackElo "1672"]
[EventDate "2016.06.04"]
[WhiteElo "1872"]

1.f4 d5 2.e3 Nf6 3.Nf3 Nc6 4.Bb5 Bd7 5.b3 a6 6.Be2 Bf5 7.a3 d4 8.d3 dxe3
9.Bxe3 g6 10.h3 Nd5 11.Bd2 Bg7 12.Ra2 Qd6 13.Qc1 e5 14.fxe5 Nxe5 15.O-O O-O
16.Nxe5 Qxe5 17.Bf3 Rfe8 18.Bxd5 Qxd5 19.Qd1 Bd4+ 20.Kh2 Be5+ 21.Kg1 Qd4+
22.Kh1 Qd5 23.Kg1 Qd6 24.Qf3 Bd4+ 25.Kh1 Be6 26.Nc3 Bxc3 27.Bxc3 Bd5 28.Qf2
Qc6 29.Qd4 Bxg2+ 30.Kg1 Qb6 31.Qxb6 cxb6 32.Kxg2 Rac8 33.Bf6 Re2+ 34.Rf2 Re6
35.c4 Rcc6 36.Ba1 Rcd6 37.Rad2 Re1 38.Bb2 Re3 39.Rf3 Re8 40.Rf6 Rxf6 41.Bxf6
Re6 42.Bb2 Kf8 43.Kf2 Ke7 44.Re2 Rxe2+ 45.Kxe2 Kd6 46.Ke3 b5 47.cxb5 axb5
48.Kd4 f5 49.Bc3 g5 50.Ke3 Kd5 51.Kf3 h5 52.Bf6 g4+ 53.hxg4 hxg4+ 54.Kf4 Kc5
55.Be5 { Time } 0-1

[Event "TORO 2016 (B)"]
[Site "Gatineau"]
[Date "2016.06.04"]
[Round "2"]
[White "Lafleche, Alain"]
[Black "Balazadeh, Kamal"]
[Result "1-0"]
[BlackElo "1822"]
[EventDate "2016.06.04"]
[WhiteElo "1719"]

1.e4 e6 2.d4 d5 3.exd5 exd5 4.Nc3 Bb4 5.Be3 Bxc3+ 6.bxc3 Nf6 7.Bb5+ Nbd7
8.Nf3 Ne4 9.Qd3 c6 10.Ba4 Qa5 11.Bb3 Qxc3+ 12.Qxc3 Nxc3 13.O-O a5 14.a4 Ne4
15.Nd2 Nef6 16.c4 O-O 17.c5 Nb8 18.Bg5 Ne8 19.Be7 Bf5 20.Rfe1 Na6 21.Bxf8
Kxf8 22.Re5 Bg6 23.Rae1 f6 24.R5e3 Nb4 25.Re7 Rb8 26.Nf3 Be4 27.R1xe4 dxe4
28.Rf7+ Kg8 29.Rxb7+ 1-0

[Event "TORO 2016 (B)"]
[Site "Gatineau"]
[Date "2016.06.04"]
[Round "2"]
[White "Tsanaclis, Albert"]
[Black "Villeneuve, Luc"]
[Result "1-0"]
[BlackElo "1765"]
[EventDate "2016.06.04"]
[WhiteElo "1598"]

1.e4 Nc6 2.Nf3 d6 3.d4 Bg4 4.Be2 e5 5.d5 Nb8 6.h3 Bh5 7.c4 Be7 8.Qb3 Nd7
9.Qxb7 Nc5 10.Qc6+ Kf8 11.b4 Nxe4 12.Qa4 Ngf6 13.Bb2 Rb8 14.Nc3 Nxc3 15.Bxc3
Ne4 16.Bb2 Bg6 17.O-O f5 18.a3 c5 19.dxc6 Be8 20.Rad1 Qc7 21.b5 Nc5 22.Qc2
Bg6 23.Bd3 e4 24.Bxe4 fxe4 25.Nd4 Bf6 26.Qe2 Re8 27.Qg4 Re5 28.Rd2 Bh5 29.Qg3
Rg5 30.Qf4 Qf7 31.Qxd6+ Be7 32.Qb8+ Qe8 33.c7 Kf7 34.Nc6 Rxg2+ 35.Kxg2 Bf3+
36.Kh2 Bd6+ 37.Rxd6 Qe7 38.Nd8+ Rxd8 39.cxd8=N+ Kg8 40.Nc6+ Qf8 41.Rd8 1-0

[Event "TORO 2016 (B)"]
[Site "Gatineau"]
[Date "2016.06.04"]
[Round "3"]
[White "Bernatchez, Lucas"]
[Black "Jobin, Gilles G."]
[Result "0-1"]
[BlackElo "1759"]
[EventDate "2016.06.04"]
[WhiteElo "1646"]

1.c4 d6 2.Nc3 e5 3.Nf3 Nf6 4.d4 Nbd7 5.g3 Be7 6.Bg2 c6 7.O-O Qc7 8.b3 Nf8
9.Bb2 Ng6 10.Qc2 Bg4 11.dxe5 dxe5 12.Rad1 Bxf3 13.Bxf3 O-O 14.Ne4 Nxe4
15.Bxe4 Rfd8 16.h4 Nf8 17.Kg2 Rxd1 18.Rxd1 Rd8 19.Bd3 h6 20.h5 Bf6 21.Rh1 Ne6
22.e3 Qe7 23.Qe2 Nc5 24.Bb1 Qd7 25.Qc2 Qd3 26.Qxd3 Nxd3 27.Ba3 e4 28.Bc2 Bc3
29.Kf1 Nxf2 30.Rh4 f5 31.Rf4 Ng4 32.Bc1 Bd2 33.Ba3 Nxe3+ 34.Ke2 Nxc2 35.Be7
Bxf4 36.gxf4 Rd7 37.Bc5 b6 38.Bf2 Nd4+ 39.Kf1 Kf7 40.Kg2 g6 41.hxg6+ Kxg6
42.Kh3 Nf3 43.c5 b5 44.a4 bxa4 45.bxa4 Rd3 46.a5 e3 47.Bg3 e2 48.a6 e1=Q
49.Bxe1 Nxe1+ 50.Kh4 Ng2# 0-1